| 000 | 00975nas a2200253Ia 4500 | ||
|---|---|---|---|
| 001 | R138/E3797 | ||
| 003 | IT-RoPAU | ||
| 008 | 151124c99999999xx |||||||||||| ||und|| | ||
| 040 | _aIT-RoPAU | ||
| 040 | _cIT-RoPAU | ||
| 041 | _aITALIANO | ||
| 100 |
_aAA.VV. _gCodice Aut. SPICS: 12000 |
||
| 210 | _aFAMIGLIA OGGI | ||
| 222 | _aFamiglia Oggi | ||
| 245 |
_aFAMIGLIA OGGI, ANNO 02 (LUGLIO-DICEMBRE 1996)-AGGIORNAMENTO BIBLIOGRAFICO A CURA DEL CENTRO DOCUMENTAZIONE _bFamiglia Oggi, Anno 02 (Luglio-Dicembre 1996)-Aggiornamento Bibliografico A Cura Del Centro Documentazione |
||
| 250 | _a1a ed. | ||
| 260 |
_aALBA (CN) _bPERIODICI SAN PAOLO _c1996 |
||
| 501 |
_bPaulus - SPICS - Società San Paolo EM (non-commercial uses only) _cCopyright2015 |
||
| 300 | _a60 p. | ||
| 362 | _aANNO 002(LUGLIO-DICEMBRE 1996) | ||
| 500 | _aAggiornamento Bibliografico a Cura del Centro Documentazione. | ||
| 650 |
_aCOMUNICAZIONE - FAMIGLIA _vPUBBLICAZIONE PERIODICA |
||
| 942 | _cCR | ||
| 999 |
_c110493 _d110493 |
||